Gaming Quiz

Random Gaming Quiz

Warcraft Lore Figures Quiz Stats

 Plays Quiz not verified by Sporcle

Also try: Fruit Ninja Fruit
Challenge
Share
Tweet
Embed
Score 0/30 Timer 05:00
0 Plays Today
% Correct
Sylvanas Windrunner
93.6%
Uther the Lightbringer
92.5%
Arthas Menethil
92.2%
Tyrande Whisperwind
92.2%
Cairne Bloodhoof
91.6%
Kael'thas Sunstrider
90.8%
Kel'Thuzad
89.9%
Malfurion Stormrage
89.3%
Illidan Stormrage
89.3%
Varian Wrynn
89%
Muradin Bronzebeard
89%
Jaina Proudmoore
88.7%
Orgrim Doomhammer
88.4%
Neltharion
87%
Alexstrasza
86.7%
% Correct
Mannoroth
86.4%
Ysera
86.1%
Nozdormu
86.1%
Medivh
85.3%
Prophet Velen
85.3%
Sargeras
84.7%
Yogg Saron
84.4%
Thrall
84.1%
Kalecgos
83.2%
Kil'Jaeden
82.4%
Darion Mograine
81.8%
Grommash Hellscream
77.5%
Bolvar Fordragon
77.2%
Drek'Thar
70.5%
Varok Saurfang
63.3%

You're not logged in!

Compare scores with friends on all Sporcle quizzes.
Join for Free
OR
Log In

You Might Also Like...

Show Comments

Extras

Top Quizzes Today


Score Distribution

Your Account Isn't Verified!

In order to create a playlist on Sporcle, you need to verify the email address you used during registration. Go to your Sporcle Settings to finish the process.

Report this User

Report this user for behavior that violates our Community Guidelines.

Details: